|
|
|
|
| LEADER |
00728nam a22001817a 4500 |
| 008 |
140429b xxu||||| |||| 00| 0 eng d |
| 999 |
|
|
|c 6235
|d 6235
|
| 020 |
|
|
|a 9788122611274
|
| 082 |
|
|
|a 894.13
|b MOH
|
| 100 |
|
|
|a മോഹനചന്ദ്രന്
|
| 240 |
|
|
|a Sundhari haimavathi
|
| 245 |
|
|
|a സുന്ദരി ഹൈമവതി /
|c മോഹനചന്ദ്രന്
|
| 260 |
|
|
|a തൃശൂര് :
|b കറന്റ് ബുക്സ്,
|c 2013.
|
| 300 |
|
|
|a 231p.
|
| 650 |
|
|
|a Novel
|
| 700 |
|
|
|a Mohana Chandran
|
| 942 |
|
|
|2 ddc
|c BK
|
| 952 |
|
|
|0 0
|1 0
|2 ddc
|4 0
|6 894_130000000000000_MOH
|7 0
|9 9002
|a MAIN
|b MAIN
|d 2014-04-29
|e Current Books, Thrissur
|g 175.00
|l 4
|o 894.13 MOH
|p 9537
|r 2019-05-02
|s 2019-04-25
|t 1
|w 2014-04-29
|y BK
|